Money counts : (Record no. 7436)

MARC details
000 -LEADER
fixed length control field 00940nam a22002657a 4500
001 - CONTROL NUMBER
control field 7436
003 - CONTROL NUMBER IDENTIFIER
control field FISKH
005 - DATE AND TIME OF LATEST TRANSACTION
control field 20250715153833.0
008 - FIXED-LENGTH DATA ELEMENTS--GENERAL INFORMATION
fixed length control field 250715b cb ||||| |||| 00| 0 eng d
020 ## - INTERNATIONAL STANDARD BOOK NUMBER
International Standard Book Number 9781618102096
040 ## - CATALOGING SOURCE
Original cataloging agency FISKH
Language of cataloging eng
Transcribing agency FISKH
Modifying agency FISKH
050 ## - LIBRARY OF CONGRESS CALL NUMBER
Classification number HG221.5
082 ## - DEWEY DECIMAL CLASSIFICATION NUMBER
Classification number 332.4
100 ## - MAIN ENTRY--PERSONAL NAME
Personal name Duke, Shirley
245 ## - TITLE STATEMENT
Title Money counts :
Remainder of title Little world math concept /
Statement of responsibility, etc. Shirley Duke
260 ## - PUBLICATION, DISTRIBUTION, ETC.
Place of publication, distribution, etc. Minessota :
Name of publisher, distributor, etc. Rourke Educational Media,
Date of publication, distribution, etc. 2013.
300 ## - PHYSICAL DESCRIPTION
Extent 24 pages :
Other physical details color illustrations ;
Dimensions 21 cm
505 ## - FORMATTED CONTENTS NOTE
Formatted contents note G<br/>
520 ## - SUMMARY, ETC.
Summary, etc. Students are introduced to the concept of money and its various denominations from a penny to a dollar. The book demonstrates how to make different amounts using various coins and how many coins are required to buy something.
521 8# - TARGET AUDIENCE NOTE
Target audience note 330<br/>
Source Lexile <br/>
521 8# - TARGET AUDIENCE NOTE
Target audience note G<br/>
Source Raz-Plus<br/>
650 ## - SUBJECT ADDED ENTRY--TOPICAL TERM
Topical term or geographic name entry element Money
Form subdivision Non-fiction
General subdivision Picture Book
942 ## - ADDED ENTRY ELEMENTS (KOHA)
Source of classification or shelving scheme Dewey Decimal Classification
Koha item type Books
Suppress in OPAC No
Holdings
Withdrawn status Lost status Source of classification or shelving scheme Damaged status Not for loan Collection Home library Current library Shelving location Date acquired Total Checkouts Full call number Barcode Date last seen Date last checked out Copy number Price effective from Koha item type
    Dewey Decimal Classification     Non-Fiction Footprints International School Library Network Toul Kork Campus Footprints International School Library Network Toul Kork Campus TK Primary Library Room(4th Floor), Bookcase 7, Shelves 57-60, Dark Green Books 07/15/2025 5 DUK 332.4 HG221.5 FISTK02654 04/28/2026 04/01/2026 1 07/15/2025 Books